Statistiken für Champions League Topscorer 2008/09

Klicken Sie hier um das Quiz zu spielen!

Allgemein

  • Dieses Quiz wurde 41 mal gespielt
    (15 seit der letzten Aktualisierung)
  • Das Durchschnittsergebnis liegt bei 12 aus 20

Antwortstatistiken

RangNationVereinToreAntwort% Korrekt
11PortugalManchester United4Cristiano Ronaldo
100%
1ArgentinienBarcelona9Lionel Messi
100%
11BulgarienManchester United4Dimitar Berbatov
92%
11KamerunBarcelona4Samuel Eto‘o
92%
5ItalienJuventus5Alessandro del Piero
83%
5ElfenbeinküsteChelsea5Didier Drogba
83%
2DeutschlandBayern München7Miroslav Klose
83%
5NiederlandeArsenal5Robin van Persie
83%
5FrankreichBarcelona5Thierry Henry
83%
11FrankreichBayern München4Frank Ribery
75%
5FrankrechOL Lyon5Karim Benzema
75%
2EnglandLiverpool7Steven Gerrard
75%
11EnglandManchester United4Wayne Rooney
75%
5TogoArsenal5Emmanuel Adebayor
67%
11ItalienFiorentina4Alberto Gilardino
17%
11NiederlandePSV Eindhoven4Danny Koevermans
8%
11GriechenlandPanathinaikos4Evangelos Mantzios
8%
11BrasilienShaktar Donetsk4Jadson
8%
4ArgentinienPorto6Lisandro Lopez
8%
11SpanienVillareal4Llorente
8%

Verteilung der Resultate

Perzentil nach korrekt beantworteten Fragen

Anzahl Personen mit jedem Resultat

Ihre Resultats-Entwicklung

Sie haben dieses Quiz seit der letzten Aktualisierung nicht gespielt